|
|
|
|
| LEADER |
00000naa a22000002c 4500 |
| 001 |
1743474016 |
| 003 |
DE-627 |
| 005 |
20201222094419.0 |
| 007 |
tu |
| 008 |
201222s2016 xx ||||| 00| ||ger c |
| 020 |
|
|
|a 9783837925920
|
| 035 |
|
|
|a (DE-627)1743474016
|
| 035 |
|
|
|a (DE-599)KXP1743474016
|
| 040 |
|
|
|a DE-627
|b ger
|c DE-627
|e rda
|
| 041 |
|
|
|a ger
|
| 084 |
|
|
|a 0
|2 ssgn
|
| 100 |
1 |
|
|e InterviewteR
|0 (DE-588)1036241971
|0 (DE-627)749789115
|0 (DE-576)383739373
|4 ive
|a Schröter, Susanne
|d 1957-
|
| 109 |
|
|
|a Schröter, Susanne 1957-
|a Schroeter, Susanne 1957-
|
| 245 |
1 |
0 |
|a Welcher Islam passt zu unserer Gesellschaft?
|b Gibt es Ansätze für einen modernen Islam? - Herausforderungen, Fehlentwicklungen, Impulse in Deutschland
|c Interview mit Susanne Schröter
|
| 264 |
|
1 |
|c 2016
|
| 336 |
|
|
|a Text
|b txt
|2 rdacontent
|
| 337 |
|
|
|a ohne Hilfsmittel zu benutzen
|b n
|2 rdamedia
|
| 338 |
|
|
|a Band
|b nc
|2 rdacarrier
|
| 601 |
|
|
|a Gesellschaft
|
| 601 |
|
|
|a Deutschland
|
| 655 |
|
7 |
|a Interview
|0 (DE-588)4027503-6
|0 (DE-627)104767812
|0 (DE-576)208971211
|2 gnd-content
|
| 773 |
0 |
8 |
|i Enthalten in
|a Katholische Hochschulgemeinde (3. : 2015 : Gießen)
|t Religion(en) im 21. Jahrhundert
|b Originalausgabe
|d Gießen : Psychosozial-Verlag, 2016
|g (2016), Seite 135-140
|h 234 Seiten
|w (DE-627)860251829
|w (DE-576)491094116
|z 3837925927
|z 9783837925920
|7 nnam
|
| 773 |
1 |
8 |
|g year:2016
|g pages:135-140
|
| 935 |
|
|
|a mteo
|
| 951 |
|
|
|a AR
|
| ELC |
|
|
|b 1
|
| ITA |
|
|
|a 1
|t 1
|
| LOK |
|
|
|0 000 xxxxxcx a22 zn 4500
|
| LOK |
|
|
|0 001 3828139825
|
| LOK |
|
|
|0 003 DE-627
|
| LOK |
|
|
|0 004 1743474016
|
| LOK |
|
|
|0 005 20201222044953
|
| LOK |
|
|
|0 008 201222||||||||||||||||ger|||||||
|
| LOK |
|
|
|0 035
|a (DE-Tue135)860251829_2016_135
|
| LOK |
|
|
|0 040
|a DE-Tue135
|c DE-627
|d DE-Tue135
|
| LOK |
|
|
|0 092
|o n
|
| LOK |
|
|
|0 852
|a DE-Tue135
|
| LOK |
|
|
|0 852 1
|9 00
|
| LOK |
|
|
|0 935
|a imwa
|a ixau
|a rwrk
|
| LOK |
|
|
|0 939
|a 22-12-20
|b l01
|
| ORI |
|
|
|a SA-MARC-ixtheoa001.raw
|
| REL |
|
|
|a 1
|
| SUB |
|
|
|a REL
|